[Event "Hastings Chess Congress"]
[Site "Hastings ENG"]
[Date "2006.01.06"]
[EventDate "2005.12.28"]
[Round "10"]
[Result "0-1"]
[White "Martin P Burrows"]
[Black "Wolfram Schoen"]
[WhiteElo "2200"]
[BlackElo "2415"]
[PlyCount "80"]

1. e4 c5 2. Nf3 Nc6 3. d4 cxd4 4. Nxd4 Nf6 5. Nc3 d6 6. Bg5 e6
7. Qd2 Be7 8. O-O-O O-O 9. Nb3 Qb6 10. f3 Rd8 11. Be3 Qc7
12. Qf2 Nd7 13. g4 a6 14. g5 Nce5 15. Kb1 b5 16. h4 Rb8
17. Bh3 b4 18. Ne2 Nc4 19. Bc1 Ndb6 20. h5 Na4 21. f4 Bb7
22. Bg2 Rdc8 23. Ned4 a5 24. f5 e5 25. f6 exd4 26. fxe7 Qxe7
27. g6 fxg6 28. hxg6 hxg6 29. Nxd4 Rc5 30. Bh3 Re5 31. Qh2
Bxe4 32. Be6+ Rxe6 33. Qh8+ Kf7 34. Qxb8 Bxh1 35. Nxe6 Na3+
36. bxa3 Nc3+ 37. Ka1 Nxd1 38. Ng5+ Kf6 39. Bf4 Kf5 40. Bxd6
Qf6+ 0-1

[Event "Hastings Chess Congress"]
[Site "Hastings ENG"]
[Date "2006.01.06"]
[EventDate "2005.12.28"]
[Round "10"]
[Result "0-1"]
[White "Tore Kolas"]
[Black "Jon Viktor Gunnarsson"]
[WhiteElo "2160"]
[BlackElo "2411"]
[PlyCount "54"]

1. e4 c5 2. Nf3 d6 3. d4 cxd4 4. Nxd4 Nf6 5. Nc3 Nc6 6. Bg5 e6
7. Qd2 Qb6 8. O-O-O Be7 9. f3 Nxd4 10. Qxd4 Qxd4 11. Rxd4 a6
12. Bc4 Bd7 13. Rhd1 Bc6 14. Bh4 O-O-O 15. Bb3 Kc7 16. a4 h6
17. a5 g5 18. Bf2 Nd7 19. Na4 h5 20. h3 g4 21. Bg3 gxf3
22. gxf3 Rdg8 23. Bh2 Rg2 24. R4d2 Rhg8 25. c3 Ne5 26. f4 Nf3
27. f5 Nxd2 0-1

[Event "Hastings Chess Congress"]
[Site "Hastings ENG"]
[Date "2006.01.06"]
[EventDate "2005.12.28"]
[Round "10"]
[Result "0-1"]
[White "Jan Rode Pedersen"]
[Black "John N Sugden"]
[WhiteElo "2238"]
[BlackElo "2160"]
[PlyCount "134"]

1. e4 c5 2. Nf3 e6 3. d4 cxd4 4. Nxd4 a6 5. Bd3 b5 6. Nc3 Bb7
7. a3 Qc7 8. O-O Nf6 9. Qe2 Nc6 10. Nxc6 Qxc6 11. f4 d5
12. exd5 Nxd5 13. Be4 Bc5+ 14. Kh1 O-O 15. Qd3 f5 16. Bf3 Qd6
17. Bd2 Rad8 18. Rae1 Qb6 19. Qe2 Rfe8 20. Nxd5 Bxd5 21. b4
Bd4 22. Bxd5 Rxd5 23. c4 bxc4 24. Qxc4 Qb5 25. Qb3 Bf6 26. Bc1
Qd3 27. Qa2 Rc8 28. Qe2 Qxe2 29. Rxe2 e5 30. fxe5 Bxe5 31. g3
g6 32. Kg2 Bf6 33. Re6 Rc2+ 34. Kh1 Bb2 35. Bh6 Bxa3 36. Re8+
Kf7 37. Rf8+ Ke6 38. Re1+ Kd7 39. Rf7+ Kc6 40. Re6+ Kb5
41. Rb7+ Ka4 42. Re1 Bxb4 43. Ra1+ Ba3 44. Bf8 Rc1+ 45. Rxc1
Bxc1 46. Rxh7 Ba3 47. Bh6 Re5 48. Bf4 Re6 49. Kg2 a5 50. h4
Bd6 51. Bg5 Kb5 52. h5 gxh5 53. Rxh5 Kc4 54. Bd8 a4 55. Rxf5
Rg6 56. Bh4 a3 57. Ra5 Bb4 58. Ra8 Kb3 59. Bd8 a2 60. Bc7 Bc3
61. Kf3 a1=Q 62. Rxa1 Bxa1 63. Ke4 Kc4 64. Kf5 Rg7 65. Bf4 Kd5
66. g4 Rf7+ 67. Kg5 Ke6 0-1

[Event "Hastings Chess Congress"]
[Site "Hastings ENG"]
[Date "2006.01.06"]
[EventDate "2005.12.28"]
[Round "10"]
[Result "1/2-1/2"]
[White "Alexandra Wilson"]
[Black "Felix J Kwiatkowski"]
[WhiteElo "2101"]
[BlackElo "2223"]
[PlyCount "56"]

1. e4 c5 2. Nf3 Nc6 3. Bb5 g6 4. Bxc6 dxc6 5. d3 Bg7 6. h3 Nf6
7. Nc3 Nd7 8. O-O e5 9. Be3 Qe7 10. Qd2 Nf8 11. Nh2 Ne6
12. Ne2 O-O 13. Bh6 Nd4 14. Bxg7 Kxg7 15. Nxd4 cxd4 16. f4 f6
17. f5 g5 18. h4 h6 19. hxg5 hxg5 20. Nf3 Kf7 21. c3 dxc3
22. Qxc3 c5 23. Qc4+ Kg7 24. b4 b6 25. Qc1 Kf7 26. Qc4+ Kg7
27. Qc1 Kf7 28. Qc4+ Kg7 1/2-1/2

[Event "Hastings Chess Congress"]
[Site "Hastings ENG"]
[Date "2006.01.06"]
[EventDate "2005.12.28"]
[Round "10"]
[Result "1/2-1/2"]
[White "Adrian O Pickersgill"]
[Black "Bernard Cafferty"]
[WhiteElo "2085"]
[BlackElo "2207"]
[PlyCount "38"]

1. e4 Nf6 2. e5 Nd5 3. c4 Nb6 4. c5 Nd5 5. Bc4 e6 6. Nc3 Nxc3
7. dxc3 Qh4 8. Qd4 Qxd4 9. cxd4 b6 10. cxb6 axb6 11. Ne2 Ba6
12. Bxa6 Rxa6 13. O-O Nc6 14. Bd2 Be7 15. a3 O-O 16. Rac1 Rb8
17. Rfd1 f6 18. Bc3 Rd8 19. exf6 Bxf6 1/2-1/2

[Event "Hastings Chess Congress"]
[Site "Hastings ENG"]
[Date "2006.01.06"]
[EventDate "2005.12.28"]
[Round "10"]
[Result "1-0"]
[White "Jerry Humphreys"]
[Black "Dagur Arngrimsson"]
[WhiteElo "2084"]
[BlackElo "2289"]
[PlyCount "53"]

1. Nf3 Nf6 2. c4 c6 3. Nc3 d5 4. cxd5 cxd5 5. d4 Nc6 6. e3 Bf5
7. Bd3 e6 8. O-O Be7 9. b3 O-O 10. Bb2 Re8 11. Re1 Bd6 12. Ne2
Rc8 13. a3 Na5 14. Ne5 Qb6 15. b4 Bxe5 16. dxe5 Bxd3 17. Qxd3
Nc4 18. Bd4 Qd8 19. exf6 e5 20. Bc3 gxf6 21. Red1 Nb6 22. Rac1
Qd7 23. Ng3 Na4 24. Ba1 b5 25. Qf5 Rxc1 26. Rxc1 Re6 27. Qg4+
1-0